[Event "Kimberley Moja"]
[Site "Kimberley"]
[Date "2022.03.23"]
[Round "5"]
[White "Khumalo, Keith"]
[Black "Parodi, Alessandro"]
[Result "1-0"]
[WhiteElo "2145"]
[BlackElo "2011"]
[PlyCount "61"]
[EventDate "2022.03.19"]
[EventType "tourn"]
[EventRounds "9"]
[EventCountry "RSA"]
[EventCategory "1"]
[SourceTitle "EXT 2023"]
[Source "ChessBase"]
[SourceDate "2022.10.05"]
[SourceVersion "1"]
[SourceVersionDate "2022.10.05"]
[SourceQuality "1"]

1. d4 d5 2. Nf3 e6 3. g3 c5 4. Bg2 cxd4 5. 0-0 Nc6 6. Nxd4 Nf6 7. c4 Bc5 8. Nxc6 bxc6 9. Qc2 Qe7 10. Nc3 Bd7 11. Bg5 Bb6 12. e4 d4 13. e5 Qc5 14. exf6 Qxg5 15. Ne4 Qg6 16. Rad1 e5 17. fxg7 Rg8 18. Qb3 Rb8 19. Qa3 Rxg7 20. f4 exf4 21. Rxf4 f5 22. Nd6+ Kd8 23. c5 Bc7 24. Rfxd4 Qe6 25. Qc3 Re7 26. R4d3 Bxd6 27. Rxd6 Qe2 28. Bxc6 Rxb2 29. Rxd7+ Kc8 30. Rd8+ Kc7 31. Qa5+ 1-0

[Event "Kimberley Moja"]
[Site "Kimberley"]
[Date "2022.03.21"]
[Round "3"]
[White "Barrish, Daniel"]
[Black "Parodi, Alessandro"]
[Result "1/2-1/2"]
[WhiteElo "2266"]
[BlackElo "2011"]
[PlyCount "73"]
[EventDate "2022.03.19"]
[EventType "tourn"]
[EventRounds "9"]
[EventCountry "RSA"]
[EventCategory "1"]
[SourceTitle "CBM 207 Extra"]
[Source "ChessBase"]
[SourceDate "2022.05.31"]
[SourceVersion "1"]
[SourceVersionDate "2022.05.31"]
[SourceQuality "1"]

1. d4 d5 2. c4 e6 3. Nc3 c5 4. cxd5 cxd4 5. Qa4+ Bd7 6. Qxd4 exd5 7. Qxd5 Nf6 8. Qd1 Nc6 9. a3 Bc5 10. Nf3 Qe7 11. e3 0-0-0 12. Qc2 g5 13. Be2 g4 14. Nd2 Kb8 15. b4 Bd6 16. Bb2 Ne5 17. Rd1 Bc6 18. Kf1 h5 19. Bb5 g3 20. Bxc6 Neg4 21. Bf3 Nxf2 22. Nce4 Nd5 23. Re1 Nxh1 24. h3 Rh6 25. Nc4 Bc7 26. Kg1 Nf2 27. Nxf2 gxf2+ 28. Qxf2 h4 29. Rd1 Nb6 30. Rxd8+ Qxd8 31. Na5 Qd3 32. Bd4 Qb1+ 33. Qf1 Bh2+ 34. Kf2 Bg3+ 35. Kg1 Bh2+ 36. Kf2 Bg3+ 37. Kg1 1/2-1/2

[Event "Kimberley Moja"]
[Site "Kimberley"]
[Date "2022.03.19"]
[Round "1"]
[White "Hesham, Abdelrahman"]
[Black "Parodi, Alessandro"]
[Result "1-0"]
[WhiteElo "2424"]
[BlackElo "2011"]
[PlyCount "61"]
[EventDate "2022.03.19"]
[EventType "tourn"]
[EventRounds "9"]
[EventCountry "RSA"]
[EventCategory "1"]
[SourceTitle "CBM 207 Extra"]
[Source "ChessBase"]
[SourceDate "2022.05.31"]
[SourceVersion "1"]
[SourceVersionDate "2022.05.31"]
[SourceQuality "1"]

1. Nf3 d5 2. e3 Nf6 3. c4 e6 4. b3 c5 5. Bb2 Nc6 6. cxd5 exd5 7. Bb5 Be7 8. 0-0 0-0 9. d4 Bg4 10. dxc5 Bxc5 11. Nc3 Bb6 12. Ne2 Bxf3 13. gxf3 Qd6 14. Kh1 a6 15. Bxc6 bxc6 16. Rg1 Ne8 17. Ng3 f6 18. Rc1 g6 19. Nf5 Qd7 20. Rxc6 Bxe3 21. Ne7+ Qxe7 22. Qxd5+ Kh8 23. fxe3 Qxe3 24. Rcc1 Ng7 25. Bxf6 Rae8 26. Bd4 Rd8 27. Bxe3 Rxd5 28. Rgd1 Rdf5 29. Rd7 Ne6 30. Re7 R5f6 31. Rc6 1-0

[Event "Randburg Superhero"]
[Site "Randburg"]
[Date "2022.01.04"]
[Round "2"]
[White "Mabusela, Johannes Manyedi"]
[Black "Parodi, Alessandro"]
[Result "1-0"]
[WhiteElo "2216"]
[BlackElo "1997"]
[PlyCount "98"]
[EventDate "2022.01.04"]
[EventType "tourn"]
[EventRounds "7"]
[EventCountry "RSA"]
[SourceTitle "EXT 2023"]
[Source "ChessBase"]
[SourceDate "2022.10.05"]
[SourceVersion "1"]
[SourceVersionDate "2022.10.05"]
[SourceQuality "1"]

1. d4 d6 2. Nf3 g6 3. c4 Bg7 4. e4 Nc6 5. h3 e5 6. d5 Nd4 7. Be3 c5 8. dxc6 Qb6 9. cxb7 Qxb7 10. Nc3 Qxb2 11. Bxd4 exd4 12. Nd5 Rb8 13. Bd3 Rb7 14. 0-0 Ne7 15. Qa4+ Bd7 16. Qa6 Nxd5 17. cxd5 Qb6 18. Rab1 Qxa6 19. Bxa6 Rc7 20. Rfd1 0-0 21. Nxd4 f5 22. Ne6 Bxe6 23. dxe6 Be5 24. exf5 Rxf5 25. Rb7 Rxb7 26. Bxb7 Rf8 27. Bc6 Bf6 28. Rb1 Rc8 29. Bd5 Kf8 30. Rb7 Be7 31. Rxa7 Rc5 32. Bb3 g5 33. g3 h5 34. Kg2 Rc3 35. Ra5 Rc5 36. Rxc5 dxc5 37. Kf3 Ke8 38. Ke4 Kd8 39. Kd5 Kc7 40. Bd1 c4 41. Bxh5 c3 42. Bd1 Bf6 43. f4 gxf4 44. gxf4 Bh4 45. f5 Bf6 46. Ba4 Bh4 47. Ke5 Bg3+ 48. Kf6 Kd6 49. Kf7 Kd5 1-0

[Event "Johannesburg PSS Prestige op"]
[Site "Johannesburg"]
[Date "2017.04.22"]
[Round "5"]
[White "Bornheim, Craig"]
[Black "Parodi, Alessandro"]
[Result "1/2-1/2"]
[WhiteElo "1968"]
[BlackElo "2027"]
[PlyCount "78"]
[EventDate "2017.04.22"]
[EventType "swiss (rapid)"]
[EventRounds "10"]
[EventCountry "RSA"]
[SourceTitle "CBM 177 Extra"]
[Source "ChessBase"]
[SourceDate "2017.04.27"]
[SourceVersion "1"]
[SourceVersionDate "2017.04.27"]
[SourceQuality "1"]

1. d4 Nf6 2. c4 g6 3. Nc3 d5 4. Bg5 Ne4 5. Nxe4 dxe4 6. e3 c6 7. h4 Bg7 8. Ne2 Bg4 9. Qb3 Qc7 10. Nc3 0-0 11. Nxe4 e5 12. Nf6+ Bxf6 13. Bxf6 Nd7 14. dxe5 Nxe5 15. Qc3 Rfe8 16. Be2 Bxe2 17. Kxe2 Re6 18. Bxe5 Qxe5 19. Qxe5 Rxe5 20. Rhd1 Re4 21. b3 Rxh4 22. Rd7 b5 23. cxb5 cxb5 24. Rc1 Rh5 25. Rcc7 Rf5 26. Rxa7 Rc8 27. Rdc7 Re8 28. g4 Rf6 29. Rcb7 Rf4 30. Rxb5 Rxg4 31. Kf3 Rg1 32. a4 Re6 33. Rb4 g5 34. Ke2 h5 35. f4 Rg3 36. fxg5 Rexe3+ 37. Kf2 Rxb3 38. Rxb3 Rxb3 39. Ra6 Kg7 1/2-1/2

[Event "Johannesburg PSS Prestige op"]
[Site "Johannesburg"]
[Date "2017.04.22"]
[Round "3"]
[White "Mazibuko, Khanya"]
[Black "Parodi, Alessandro"]
[Result "1/2-1/2"]
[WhiteElo "1856"]
[BlackElo "2027"]
[PlyCount "158"]
[EventDate "2017.04.22"]
[EventType "swiss (rapid)"]
[EventRounds "10"]
[EventCountry "RSA"]
[SourceTitle "CBM 177 Extra"]
[Source "ChessBase"]
[SourceDate "2017.04.27"]
[SourceVersion "1"]
[SourceVersionDate "2017.04.27"]
[SourceQuality "1"]

1. e4 e5 2. Nf3 Nf6 3. Nxe5 d6 4. Nf3 Nxe4 5. Nc3 Nxc3 6. dxc3 Be7 7. Be3 Nd7 8. Qd2 0-0 9. Bd3 d5 10. 0-0-0 Nf6 11. Ne5 Be6 12. g4 c5 13. g5 Ne4 14. Qe2 Qc7 15. f4 Bd6 16. h4 Ng3 17. Qf3 Nxh1 18. Rxh1 Rfe8 19. g6 Bxe5 20. gxh7+ Kh8 21. fxe5 c4 22. Rg1 cxd3 23. Bh6 Qxe5 24. Bxg7+ Qxg7 25. Rxg7 d2+ 26. Kxd2 Kxg7 27. Qh5 Rh8 28. b3 Rxh7 29. Qg5+ Kf8 30. h5 Rc8 31. h6 Bd7 32. Qxd5 f5 33. Qxb7 Ke8 34. Qa6 Rc6 35. Qxa7 Rhxh6 36. Qb8+ Kf7 37. a4 Rhd6+ 38. Kc1 f4 39. Qh8 Rf6 40. Qh5+ Ke7 41. Qf3 Rce6 42. a5 Re3 43. Qf2 Bg4 44. a6 Re2 45. Qc5+ Kf7 46. Qd5+ Kg6 47. a7 Re8 48. Qb5 Rff8 49. Qc6+ Kg5 50. Qd5+ Kh4 51. Qh1+ Bh3 52. Qf3 Bg4 53. Qh1+ Kg3 54. Qg1+ Kf3 55. Qf1+ Ke4 56. Qd3+ Ke5 57. Qd4+ Kf5 58. Qd3+ Kg5 59. Qd5+ Bf5 60. Qg2+ Kf6 61. Qc6+ Be6 62. Qf3 Ke5 63. Qe2+ Kd5 64. c4+ Kc5 65. Qf2+ Kc6 66. Qf3+ Kb6 67. Qf2+ Kb7 68. b4 Bxc4 69. Kb2 Rf7 70. Qc5 Rc8 71. a8Q+ Rxa8 72. Qxc4 Raf8 73. Qe4+ Kc7 74. Qf3 Rf5 75. Kb3 Rg5 76. c3 Rg3 77. Qf2 Kd7 78. b5 Rc8 79. Qxf4 Rgxc3+ 1/2-1/2

[Event "Johannesburg PSS op"]
[Site "Johannesburg"]
[Date "2016.04.23"]
[Round "5"]
[White "Parodi, Alessandro"]
[Black "Ovcina, Dennis"]
[Result "1-0"]
[WhiteElo "2043"]
[BlackElo "2214"]
[PlyCount "39"]
[EventDate "2016.04.23"]
[EventType "swiss"]
[EventRounds "10"]
[EventCountry "RSA"]
[SourceTitle "CBM 172 Extra"]
[Source "ChessBase"]
[SourceDate "2016.06.21"]
[SourceVersion "1"]
[SourceVersionDate "2016.06.21"]
[SourceQuality "1"]

1. d4 c5 2. d5 g6 3. Bd2 Nf6 4. c4 Bg7 5. Nc3 0-0 6. g3 d6 7. Bg2 e6 8. Nf3 exd5 9. cxd5 Na6 10. 0-0 Nc7 11. e4 b5 12. e5 Nfxd5 13. exd6 Qxd6 14. Bf4 Qc6 15. Ne5 Bxe5 16. Nxd5 Nxd5 17. Bxd5 Qf6 18. Bxe5 Qxe5 19. Bxa8 Bf5 20. Qd5 1-0

[Event "Torino SST Junior-Senior (azzurro)"]
[Site "Torino"]
[Date "2011.11.17"]
[Round "2"]
[White "Parodi, Alessandro"]
[Black "Macheda, Andrea"]
[Result "0-1"]
[WhiteElo "2036"]
[BlackElo "1903"]
[PlyCount "58"]
[EventDate "2011.10.20"]
[EventType "schev"]
[EventRounds "8"]
[EventCountry "ITA"]
[SourceTitle "EXT 2018"]
[Source "ChessBase"]
[SourceDate "2017.10.13"]
[SourceVersion "1"]
[SourceVersionDate "2017.10.13"]
[SourceQuality "1"]

1. d4 Nf6 2. c4 c5 3. d5 b5 4. cxb5 a6 5. e3 axb5 6. Bxb5 Qa5+ 7. Nc3 Bb7 8. Bd2 Qb6 9. Qb3 e6 10. e4 Nxe4 11. Nxe4 Bxd5 12. Qd3 f5 13. Ng3 Bxg2 14. N1e2 Bxh1 15. Nxh1 Be7 16. Nhg3 0-0 17. Bc4 Kh8 18. Nf4 d5 19. Qf3 Nd7 20. Qh5 Rf6 21. Nxf5 exf5 22. Nxd5 Re6+ 23. Kf1 Qc6 24. Re1 Rxe1+ 25. Bxe1 Bf6 26. Nxf6 Nxf6 27. Qxf5 Qh1+ 28. Ke2 Re8+ 29. Be6 Qc6 0-1

[Event "Torino SST Junior-Senior (azzurro)"]
[Site "Torino"]
[Date "2011.10.20"]
[Round "1"]
[White "Cavaliere, Simone"]
[Black "Parodi, Alessandro"]
[Result "1-0"]
[WhiteElo "1859"]
[BlackElo "2036"]
[PlyCount "47"]
[EventDate "2011.10.20"]
[EventType "schev"]
[EventRounds "8"]
[EventCountry "ITA"]
[SourceTitle "EXT 2018"]
[Source "ChessBase"]
[SourceDate "2017.10.13"]
[SourceVersion "1"]
[SourceVersionDate "2017.10.13"]
[SourceQuality "1"]

1. e4 d6 2. d4 f5 3. exf5 Bxf5 4. Qf3 Bxc2 5. Qxb7 Nd7 6. Bb5 Ngf6 7. Nc3 g6 8. Bg5 Bf5 9. Bxf6 exf6 10. Nd5 Kf7 11. Nxc7 Qe7+ 12. Ne2 Nb6 13. Rc1 Bh6 14. Rc3 Be4 15. Qa6 Bxg2 16. Rg1 Rac8 17. Qxa7 Nd5 18. Bc4 Rhe8 19. Rxg2 Rxc7 20. Bxd5+ Kf8 21. Qa6 Ra7 22. Qd3 Rxa2 23. Bxa2 Qb7 24. Qc4 1-0

[Event "Turin-ch"]
[Site "Turin"]
[Date "2009.12.06"]
[Round "7"]
[White "Pepino, Enrico"]
[Black "Parodi, Alessandro"]
[Result "1-0"]
[WhiteElo "2154"]
[BlackElo "2087"]
[PlyCount "107"]
[EventDate "2009.11.09"]
[EventType "swiss"]
[EventRounds "7"]
[EventCountry "ITA"]
[SourceTitle "EXT 2012"]
[Source "ChessBase"]
[SourceDate "2011.11.24"]
[SourceVersion "1"]
[SourceVersionDate "2011.11.24"]
[SourceQuality "1"]

1. d4 d6 2. c4 g6 3. Nc3 Nf6 4. e4 Bg7 5. f4 0-0 6. Nf3 c5 7. dxc5 dxc5 8. Bd3 Nc6 9. e5 Ne8 10. Be4 Be6 11. Bd5 Nc7 12. Be3 Bxd5 13. cxd5 Nb4 14. Bxc5 Nbxd5 15. 0-0 b6 16. Ba3 b5 17. Bc5 Nxc3 18. bxc3 Nd5 19. g3 Qc7 20. Qxd5 Rad8 21. Bd6 Qxc3 22. Rae1 exd6 23. e6 fxe6 24. Qxe6+ Kh8 25. Ng5 Qc4 26. Qxc4 bxc4 27. Ne6 d5 28. Nxd8 Rxd8 29. Rc1 c3 30. Rfd1 d4 31. Rxc3 Kg8 32. Kf2 Rb8 33. Rc2 Bf6 34. Ke2 Re8+ 35. Kd3 Re3+ 36. Kc4 h5 37. Rd3 Re7 38. Kb5 Kf7 39. a4 Ke6 40. Re2+ Kd5 41. Rxe7 Bxe7 42. Rd1 Bd6 43. a5 h4 44. Ka6 hxg3 45. hxg3 Bb4 46. g4 Bc3 47. f5 gxf5 48. gxf5 Ke5 49. Rf1 Kf6 50. Rf3 Bb4 51. Kb5 Be7 52. Kc4 a6 53. Kxd4 Bb4 54. Ke4 1-0

[Event "Turin-ch"]
[Site "Turin"]
[Date "2009.11.16"]
[Round "2"]
[White "Fortino, Fabrizio"]
[Black "Parodi, Alessandro"]
[Result "1-0"]
[WhiteElo "2041"]
[BlackElo "2087"]
[PlyCount "51"]
[EventDate "2009.11.09"]
[EventType "swiss"]
[EventRounds "7"]
[EventCountry "ITA"]
[SourceTitle "EXT 2012"]
[Source "ChessBase"]
[SourceDate "2011.11.24"]
[SourceVersion "1"]
[SourceVersionDate "2011.11.24"]
[SourceQuality "1"]

1. e4 d5 2. Nc3 d4 3. Nce2 c5 4. d3 Nc6 5. f4 e6 6. Nf3 b5 7. g3 Bb7 8. Bg2 f5 9. 0-0 Bd6 10. exf5 exf5 11. Re1 Nge7 12. c3 0-0 13. Ng5 Qd7 14. Qb3+ Kh8 15. Nf7+ Rxf7 16. Qxf7 Nd8 17. Qh5 g6 18. Qh3 Nd5 19. Bd2 Nf7 20. Kf2 Bc7 21. c4 bxc4 22. dxc4 Ne3 23. Bxb7 Ng4+ 24. Kg1 Rb8 25. Qg2 Bd8 26. Bc6 1-0

[Event "Imperia op-A 51st"]
[Site "Imperia"]
[Date "2009.08.30"]
[Round "1"]
[White "Dolezal, Radoslav"]
[Black "Parodi, Alessandro"]
[Result "1-0"]
[WhiteElo "2396"]
[BlackElo "2093"]
[PlyCount "91"]
[EventDate "2009.08.30"]
[EventType "swiss"]
[EventRounds "9"]
[EventCountry "ITA"]
[SourceTitle "EXT 2011"]
[Source "ChessBase"]
[SourceDate "2010.11.26"]
[SourceVersion "1"]
[SourceVersionDate "2010.11.26"]
[SourceQuality "1"]

1. d4 Nf6 2. Nf3 g6 3. g3 Bg7 4. Bg2 0-0 5. c4 d6 6. Nc3 c5 7. d5 Na6 8. 0-0 Nc7 9. e4 e5 10. Ne1 a6 11. a4 Bd7 12. a5 b5 13. axb6 Nce8 14. Qb3 Qb8 15. Nd3 Bc8 16. Bd2 Nd7 17. Na4 a5 18. Qb5 Bf6 19. Bh3 Nxb6 20. Bxc8 Nxc8 21. Qxb8 Rxb8 22. Bxa5 Bg7 23. Nc3 f5 24. f3 Nf6 25. Rfe1 Nh5 26. Kg2 Rf7 27. Nb5 Nf6 28. Bd2 Rfb7 29. Ra6 Bf8 30. b3 Rxb5 31. cxb5 Rxb5 32. Nc1 Nb6 33. Ra5 Rxa5 34. Bxa5 Nfd7 35. Bd2 c4 36. b4 Na4 37. Ne2 Ndb6 38. Be3 g5 39. Bxg5 Nb2 40. Nc3 Nd3 41. Rb1 f4 42. g4 Kf7 43. Bd8 Nd7 44. Na4 Ke8 45. Ba5 Nb8 46. Nb2 1-0

[Event "Turin Elo op"]
[Site "Turin"]
[Date "2009.01.??"]
[Round "8"]
[White "Sorcinelli, Francesco"]
[Black "Parodi, Alessandro"]
[Result "1-0"]
[WhiteElo "2116"]
[BlackElo "2076"]
[PlyCount "113"]
[EventDate "2009.01.19"]
[EventType "swiss"]
[EventRounds "9"]
[EventCountry "ITA"]
[SourceTitle "EXT 2011"]
[Source "ChessBase"]
[SourceDate "2010.11.26"]
[SourceVersion "1"]
[SourceVersionDate "2010.11.26"]
[SourceQuality "1"]

1. e4 d6 2. d4 Nf6 3. Nc3 g6 4. Be3 Bg7 5. Qd2 0-0 6. 0-0-0 c6 7. Bh6 b5 8. f3 Qa5 9. Kb1 Bxh6 10. Qxh6 e5 11. Nce2 Be6 12. Nc1 Nbd7 13. h4 Rab8 14. h5 Rb6 15. hxg6 fxg6 16. d5 cxd5 17. exd5 Bf7 18. Nh3 Rc8 19. Ng5 Nf8 20. Bd3 Ra6 21. Bf5 gxf5 22. Qxf6 Qc7 23. c3 Bg6 24. f4 b4 25. cxb4 Qc2+ 26. Ka1 Qa4 27. a3 Qxb4 28. Na2 Qb7 29. fxe5 dxe5 30. Qxe5 Rc2 31. Rc1 Nd7 32. Qd4 Rxg2 33. Ne6 Nf8 34. Rc8 Rxe6 35. Rxf8+ Kxf8 36. Qh8+ Ke7 37. Qg7+ Bf7 38. Qxg2 Rd6 39. Nc3 h6 40. Rxh6 Qb6 41. Qg5+ Rf6 42. Ne4 fxe4 43. Qe5+ Re6 44. dxe6 Bxe6 45. Qxe4 Qg1+ 46. Qb1 Qf2 47. Qh7+ Kd6 48. Qd3+ Ke7 49. Rh7+ Kf6 50. Rh1 Qc5 51. Qc3+ Qxc3 52. bxc3 Ke5 53. Rh4 a6 54. Kb2 Kd5 55. c4+ Kc5 56. Kc3 a5 57. Rh5+ 1-0

[Event "Nichelino op"]
[Site "Nichelino"]
[Date "2008.10.04"]
[Round "3"]
[White "D'Ingiullo, Roberto"]
[Black "Parodi, Alessandro"]
[Result "1/2-1/2"]
[WhiteElo "2104"]
[BlackElo "2074"]
[PlyCount "45"]
[EventDate "2008.10.02"]
[EventType "swiss"]
[EventRounds "6"]
[EventCountry "ITA"]
[SourceTitle "CBM 126 Extra"]
[Source "ChessBase"]
[SourceDate "2008.11.05"]
[SourceVersion "1"]
[SourceVersionDate "2008.11.05"]
[SourceQuality "1"]

1. e4 d5 2. exd5 Qxd5 3. Nc3 Qa5 4. Nf3 Nf6 5. Bc4 Bg4 6. h3 Qh5 7. Be2 e5 8. 0-0 Bxh3 9. gxh3 e4 10. Nh2 Qxh3 11. Re1 Bd6 12. Nf1 Nbd7 13. d4 h5 14. Nb5 0-0-0 15. Nxa7+ Kb8 16. Nb5 Ne5 17. dxe5 Bxe5 18. Bd3 Ng4 19. Be3 exd3 20. f4 dxc2 21. Qxc2 Nxe3 22. Rxe3 Qg4+ 23. Qg2 1/2-1/2

[Event "Bratto op-A 28th"]
[Site "Bratto"]
[Date "2008.08.30"]
[Round "9"]
[White "Parodi, Alessandro"]
[Black "Barberi, Alessandro"]
[Result "1-0"]
[WhiteElo "2053"]
[BlackElo "2153"]
[PlyCount "155"]
[EventDate "2008.08.22"]
[EventType "swiss"]
[EventRounds "9"]
[EventCountry "ITA"]
[SourceTitle "EXT 2010"]
[Source "ChessBase"]
[SourceDate "2010.11.25"]
[SourceVersion "1"]
[SourceVersionDate "2010.11.25"]
[SourceQuality "1"]

1. d4 g6 2. e4 Bg7 3. Be3 d6 4. c4 c5 5. Ne2 Nc6 6. Nbc3 Qb6 7. Nd5 Qa5+ 8. Bd2 Qd8 9. dxc5 dxc5 10. Bf4 e5 11. Be3 Nd4 12. Nec3 Be6 13. Nb5 Bxd5 14. cxd5 a6 15. Nc3 b5 16. a4 b4 17. Nb1 Ne7 18. Bc4 f5 19. f3 Nc8 20. 0-0 Nd6 21. Nd2 0-0 22. b3 f4 23. Bf2 a5 24. Bd3 Ra7 25. Rc1 Rc7 26. Re1 Qe7 27. Nc4 Nxc4 28. Bxc4 Qd6 29. Bxd4 cxd4 30. Qd3 Rf6 31. Rc2 g5 32. Rec1 h5 33. Bb5 Rc3 34. Rxc3 bxc3 35. Qc4 Qa3 36. Rf1 Kh7 37. Qc7 Rd6 38. Qxa5 Qxb3 39. Qc7 Qb4 40. a5 c2 41. Bd3 g4 42. Qxc2 Qxa5 43. Be2 Rg6 44. Qd1 Qc3 45. fxg4 Qe3+ 46. Kh1 hxg4 47. Bxg4 Qxe4 48. Bf3 Qf5 49. Re1 Kh6 50. Be4 Qg4 51. Bxg6 Qxd1 52. Rxd1 Kxg6 53. Kg1 e4 54. Kf2 d3 55. Rb1 Bd4+ 56. Kf1 Kf5 57. d6 e3 58. d7 e2+ 59. Ke1 Bc3+ 60. Kf2 Bd4+ 61. Ke1 Bc3+ 62. Kf2 Bd4+ 63. Kf3 Bf6 64. g3 fxg3 65. hxg3 Bg5 66. Rb5+ Ke6 67. Rxg5 e1Q 68. d8Q Qe2+ 69. Kf4 Qf2+ 70. Ke4 Qe1+ 71. Kd4 Qa1+ 72. Kc5 Qa3+ 73. Kc6 Qa6+ 74. Kc5 Qa3+ 75. Kb5 Qb3+ 76. Ka6 Qa4+ 77. Ra5 Qc4+ 78. Rb5 1-0

[Event "Bratto op-A 28th"]
[Site "Bratto"]
[Date "2008.08.28"]
[Round "7"]
[White "Parodi, Alessandro"]
[Black "D'Apa, Matteo"]
[Result "1-0"]
[WhiteElo "2053"]
[BlackElo "2095"]
[PlyCount "103"]
[EventDate "2008.08.22"]
[EventType "swiss"]
[EventRounds "9"]
[EventCountry "ITA"]
[SourceTitle "CBM 126 Extra"]
[Source "ChessBase"]
[SourceDate "2008.11.05"]
[SourceVersion "1"]
[SourceVersionDate "2008.11.05"]
[SourceQuality "1"]

1. d4 d5 2. c4 c6 3. Nc3 Nf6 4. Nf3 e6 5. cxd5 exd5 6. Bg5 Be7 7. Qc2 Nbd7 8. e3 b6 9. Bd3 Bb7 10. 0-0 0-0 11. a3 c5 12. dxc5 bxc5 13. b4 d4 14. exd4 Bxf3 15. dxc5 Bb7 16. Rad1 Qc7 17. Bxh7+ Nxh7 18. Bxe7 Rfe8 19. Bd6 Qc6 20. f3 a6 21. Nd5 Nhf6 22. Ne7+ Rxe7 23. Bxe7 Ne8 24. Rf2 Ne5 25. Bd6 Ng6 26. a4 Rd8 27. Bg3 Rxd1+ 28. Qxd1 Bc8 29. Rd2 a5 30. Rd8 axb4 31. Qd6 Qxa4 32. Rxc8 b3 33. Be1 b2 34. Qd3 Nf8 35. Rb8 Qa1 36. Kf2 Nf6 37. Bc3 Qa7 38. Rxb2 Qxc5+ 39. Qe3 Qf5 40. Bxf6 Qxf6 41. Rb8 Qd6 42. Re8 g6 43. Qe7 Qd2+ 44. Kg3 Qh6 45. h4 Qg7 46. Kh3 f5 47. Qxg7+ Kxg7 48. Kg3 Kf7 49. Rxf8+ Kxf8 50. Kf4 Kg7 51. Kg5 Kh7 52. h5 1-0

[Event "ITA-ch qual"]
[Site "Saint Vincent"]
[Date "2008.07.19"]
[Round "1"]
[White "Castellano, Alfonso"]
[Black "Parodi, Alessandro"]
[Result "1/2-1/2"]
[WhiteElo "1926"]
[BlackElo "2053"]
[PlyCount "41"]
[EventDate "2008.07.19"]
[EventType "swiss"]
[EventRounds "9"]
[EventCountry "ITA"]
[SourceTitle "EXT 2009"]
[Source "ChessBase"]
[SourceDate "2008.11.26"]
[SourceVersion "1"]
[SourceVersionDate "2008.11.26"]
[SourceQuality "1"]

1. c4 g6 2. Nc3 Bg7 3. g3 d6 4. Bg2 e5 5. e4 Ne7 6. Nge2 0-0 7. 0-0 Nbc6 8. d3 Be6 9. Nd5 h6 10. Be3 Nd4 11. Nxd4 exd4 12. Bd2 c6 13. Nb4 d5 14. cxd5 cxd5 15. exd5 Nxd5 16. Qf3 Nxb4 17. Bxb4 Re8 18. Ba3 Rb8 19. Rfe1 b5 20. Bc5 Qd7 21. b4 1/2-1/2

[Event "Piemonte-ch"]
[Site "Turin"]
[Date "2008.04.25"]
[Round "7"]
[White "Barletta, Mauro"]
[Black "Parodi, Alessandro"]
[Result "1-0"]
[WhiteElo "2205"]
[BlackElo "2041"]
[PlyCount "83"]
[EventDate "2008.04.20"]
[EventType "swiss"]
[EventRounds "9"]
[EventCountry "ITA"]
[SourceTitle "EXT 2011"]
[Source "ChessBase"]
[SourceDate "2010.11.26"]
[SourceVersion "1"]
[SourceVersionDate "2010.11.26"]
[SourceQuality "1"]

1. e4 d6 2. d4 Nf6 3. Nc3 g6 4. f4 Bg7 5. e5 Nfd7 6. Nf3 0-0 7. Bc4 Nb6 8. Bb3 c5 9. dxc5 dxc5 10. Qxd8 Rxd8 11. Be3 N8d7 12. 0-0-0 Re8 13. e6 fxe6 14. Bxe6+ Kf8 15. Nb5 Nb8 16. Ng5 Bxe6 17. Nxe6+ Kf7 18. Nxg7 Rc8 19. f5 Kxg7 20. Bf4 Na6 21. Rhe1 Re8 22. fxg6 hxg6 23. Bg5 e6 24. Rd6 Nd5 25. Rexe6 Rxe6 26. Rxe6 Rf8 27. Kd2 Nab4 28. c3 Nc6 29. Nd6 Rf2+ 30. Re2 Rxe2+ 31. Kxe2 b6 32. Kd3 a6 33. Ke4 Nc7 34. h4 b5 35. Be3 Kf6 36. Bxc5 Ke6 37. Nb7 Nd5 38. Bf2 Nf6+ 39. Kf4 Kd5 40. Nc5 Ne5 41. Bd4 Nfg4 42. Nxa6 1-0